000 00848nam0a22002651 4500
001 rc\122049
005 20021216135625.2
010 _a5-7860-0507-0
_9300000
035 _a(NLR Aleph) 005379193
090 _a7082343
_c7082343
100 _a20021216d1991 u |0rusy50 ca
101 0 _arus
102 _aRU
105 _aa |||||||||
200 1 _aНаши четвероногие друзья
_e[О собаках и кошках]
210 _aМинск
_cУраджай
_dБ. г. (1991)
215 _a286, [1] с.
_cил.
_d21
320 _aБиблиогр.: с. 284
700 1 _aСлепнев
_bН. К.
_gНиколай Кириллович
701 1 _aЗеньков
_bА. В.
_gАнатолий Владимирович
801 0 _aRU
_bNLR
_gpsbo
801 1 _aRU
_bELAR
_2rusmarc
852 _aNLR
_j91-3/4660
942 _cBOOK
980 _aNB